研究開発総合管理システムについての研究(I)

محفوظ في:
التفاصيل البيبلوغرافية
مؤلف مشترك: 政策科学研究会
التنسيق: كتاب
اللغة:Undetermined
منشور في: [東京] 政策科学研究会 1971
الموضوعات:
الوسوم: إضافة وسم
لا توجد وسوم, كن أول من يضع وسما على هذه التسجيلة!
Thư viện lưu trữ: Trung tâm Học liệu Trường Đại học Cần Thơ
LEADER 00529nam a2200181Ia 4500
001 CTU_88523
008 210402s9999 xx 000 0 und d
082 |a 303.44 
082 |b S462 
110 |a 政策科学研究会 
245 0 |a 研究開発総合管理システムについての研究(I) 
245 0 |c 政策科学研究会 
260 |a [東京] 
260 |b 政策科学研究会 
260 |c 1971 
650 |a Developing Countries 
904 |i Ngoc,Hải 
980 |a Trung tâm Học liệu Trường Đại học Cần Thơ